000 00379cam a2200169ua 4500
001 9904
008 161007n ii |||gr||||Z||||||eng
040 _cMAIN
041 _aeng
082 _a820
245 _aFlamingo
_bHS second year
250 _a5th ed.
260 _aGuwahati:
_bAHSEC,
_c2016.
300 _a114p.
653 _aEnglish.& Old English literatures
942 _cBK
999 _c8913
_d8913